000
00295 a2200145 4500
001
179833
020
_a
040
_c
Magnum
100
_a
Alencar, José de
240
1
0
_a
O tronco do ipe
_l
por
245
1
0
_a
O tronco do ipe
362
0
_a
1899
697
_a
MAGNITO: A/ROMANCE
942
_c
BK
999
_c
179833
_d
179833